000 01040cam a22003251 4500
001 8435
003 BD-RjUL
005 20211208234604.0
008 140118s1951 nyu b 000 0 ger c
035 _a(BD-RjUL)8480
035 _a(OCoLC)535251
040 _aBrown Univ. Library
_cOAU
_dOCoLC
_dBD-RjUL
_beng
041 _aeng
082 0 4 _a510.8
_bKAT 1951
100 1 _aKaczmarz, Stefan,
_d1895-1939.
_926261
245 1 0 _aTheorie der Orthogonalreihen /
_cvon Stefan Kaczmarz und Hugo Steinhaus.
250 _a2nd ed.
260 _aNew York :
_bChelsea Pub. Co.,
_c1951.
300 _aviii, 296 p. ;
_c24 cm.
490 1 _aMonografje matematyczne,
_v6
500 _a"Second edition (Corrected reprint of the first edition)"
504 _aBibliography: p. [290]-294.
650 0 _aSeries, Orthogonal.
_926262
830 0 _vt. 6.
_926269
700 1 _aSteinhaus, Hugo,
_d1887-1972,
_ejoint author.
_923482
830 0 _aMonografie matematyczne ;
_926270
942 _2ddc
_cBK
999 _c8435
_d8435